[Event "Druzynowe Mistrzostwa Polski Juniorow - II liga"]
[Site "Sypniewo k. Jastowia"]
[Date "2024-06-17"]
[Round "6.22"]
[White "Baranowski, Jan"]
[Black "Wites, Adam"]
[Result "0-1"]
[WhiteTitle "II"]
[BlackTitle "II+"]
[WhiteElo "1577"]
[BlackElo "1657"]

1. e4 c5 2. Nf3 d6 3. d4 cxd4 4. Nxd4 Nf6 5. Nc3 a6 6. Be3 e5 7. Nb3 Be6 8. Be2
Be7 9. O-O O-O 10. Qd2 Nc6 11. Rad1 Rc8 12. Kh1 Qc7 13. f4 b5 14. f5 Bc4 15. Bxc4
bxc4 16. Nc1 Rfd8 17. Qe2 Na7 18. g4 Nb5 19. Nxb5 axb5 20. g5 Nxe4 21. f6 Qb7
22. Qg2 Bf8 23. Ne2 Nc5 24. Rf3 d5 25. Bxc5 Rxc5 26. Rh3 Rc7 27. Ng3 d4 28. Ne4
d3 29. c3 b4 30. Qg4 g6 31. Qh4 h5 32. gxh6 bxc3 33. h7+ Kh8 34. bxc3 d2 35. Qg4
Rcd7 36. Qg2 Qb2 37. Ng5 Qc2 38. Qg4 Rb8 39. Kg2 Qf5 40. Qxf5 gxf5 41. Kf2 Ra8
42. Rh4 e4 43. Ke2 Rxa2 44. Rh3 Rc2 45. Kf2 Rc1 46. Ke2 Rxd1 47. Kxd1 Bc5 48.
Rg3 e3 49. Rg2 Ra7 50. Ke2 Rd7 51. Kd1 f4 52. h4 Bf8 53. Re2 Ra7 54. Rg2 0-1

[Event "Druzynowe Mistrzostwa Polski Juniorow - II liga"]
[Site "Sypniewo k. Jastowia"]
[Date "2024-06-17"]
[Round "6.23"]
[White "Grzesik, Nikola"]
[Black "Zalewska, Malgorzata"]
[Result "1-0"]
[WhiteTitle "I"]
[BlackTitle "I+"]
[WhiteElo "1635"]
[BlackElo "1722"]

1. d4 e6 2. Nf3 Nf6 3. g3 c5 4. Bg2 Nc6 5. O-O cxd4 6. Nxd4 Bc5 7. Nb3 Bb6 8. e4
d6 9. Nc3 a6 10. Bg5 h6 11. Bxf6 gxf6 12. Qh5 Bd7 13. Rad1 Qe7 14. Kh1 O-O-O 15.
f4 Rdg8 16. a3 Be8 17. Bh3 Kb8 18. Rd3 Na7 19. Rfd1 Nc8 20. Nd2 f5 21. exf5 Bc6+
22. Bg2 Bxg2+ 23. Kxg2 exf5 24. Qxf5 h5 25. Nde4 h4 26. Nf6 Rd8 27. g4 Qc7 28.
h3 Ne7 29. Qe4 Rh6 30. Nfd5 Nxd5 31. Rxd5 Re6 32. Qf5 Re3 33. R1d3 Qc4 34. Rxe3
Bxe3 35. Qe4 Qxe4+ 36. Nxe4 Bxf4 37. Kf3 Be5 38. b3 Kc7 39. Ng5 Kc6 40. c4 b5
41. Ke4 Rd7 42. Kf5 bxc4 43. bxc4 Rb7 44. Ke4 f6 45. Nf3 Bg3 46. Nd4+ Kc7 47.
Nf5 Rb1 48. Rd3 Rc1 49. Kd5 Bh2 50. Nxh4 Bg1 51. Nf5 Re1 52. c5 Re5+ 53. Kc4 Rxc5+
54. Kb3 d5 55. Rc3 Kb6 56. Rxc5 Kxc5 57. h4 Bh2 58. h5 Bf4 59. h6 Bxh6 60. Nxh6
Kd4 61. Kc2 Ke3 62. Kd1 Kf4 63. Kd2 Kg5 64. Ng8 f5 65. gxf5 Kxf5 66. Kd3 Ke5 67.
a4 Kd6 68. Kd4 Kc6 69. Nf6 Kb6 70. Nxd5+ Ka5 71. Nc3 Kb4 72. Kd3 Kc5 73. Kc2 Kc4
74. Na2 a5 75. Kb2 Kc5 76. Kc3 Kd5 77. Nc1 Kc5 78. Nb3+ Kb6 79. Kc4 Ka6 80. Kc5
Kb7 81. Nxa5+ Ka7 82. Nb3 Ka6 83. Kc6 Ka7 84. Kb5 Kb7 85. a5 Ka7 86. a6 Ka8 87.
Kb6 Kb8 88. Nc5 Ka8 89. Ne6 Kb8 90. Nc7 1-0

[Event "Druzynowe Mistrzostwa Polski Juniorow - II liga"]
[Site "Sypniewo k. Jastowia"]
[Date "2024-06-17"]
[Round "6.24"]
[White "Stolarz, Anna"]
[Black "Smagala, Oliwia"]
[Result "1-0"]
[WhiteTitle "II"]
[BlackTitle "II"]
[WhiteElo "1528"]
[BlackElo "1528"]

1. e4 e5 2. Nf3 Nc6 3. d4 exd4 4. Bc4 Be7 5. c3 dxc3 6. Qd5 Nh6 7. Bxh6 O-O 8.
Bxg7 Kxg7 9. Nxc3 d6 10. Qd2 Ne5 11. Nxe5 dxe5 12. Qe3 Rg8 13. Qg3+ Kf8 14. Qxe5
Bd6 15. Qh5 Rg7 16. h3 Bb4 17. O-O Bxc3 18. bxc3 Qe7 19. Qf3 Be6 20. Bb3 c6 21.
Rfd1 Bxb3 22. axb3 b6 23. Rd4 Rd8 24. Rxd8+ Qxd8 25. Rxa7 f6 26. Rxg7 Kxg7 27.
b4 c5 28. bxc5 bxc5 29. Qg4+ Kh8 30. Qf5 Qd1+ 31. Kh2 Qd6+ 32. f4 Kg8 33. Qd5+
Qxd5 34. exd5 Kf7 35. c4 f5 36. g4 fxg4 37. hxg4 h6 38. Kg3 Ke7 39. g5 hxg5 40.
fxg5 Kf7 41. Kf4 Ke7 42. Kf5 Kf7 43. g6+ Ke7 44. g7 Kf7 45. d6 Kxg7 46. d7 Kh7
47. d8=Q Kh6 48. Qd7 Kh5 49. Qh7# 1-0

[Event "Druzynowe Mistrzostwa Polski Juniorow - II liga"]
[Site "Sypniewo k. Jastowia"]
[Date "2024-06-17"]
[Round "6.25"]
[White "Klim, Filip"]
[Black "Matela, Krzysztof"]
[Result "1-0"]
[WhiteTitle "k"]
[BlackTitle "I"]
[WhiteElo "1914"]
[BlackElo "2024"]

1. e4 e5 2. Nf3 Nf6 3. Nxe5 d6 4. Nf3 Nxe4 5. c4 Be7 6. d3 Nf6 7. d4 d5 8. Be2
O-O 9. O-O b6 10. Nc3 Bb7 11. Ne5 dxc4 12. Bxc4 Nc6 13. Be3 Na5 14. Be2 Nd5 15.
Bd2 Bf6 16. Bf3 Bxe5 17. dxe5 Nc4 18. Nxd5 Bxd5 19. Bxd5 Qxd5 20. Bc3 Rad8 21.
Qe2 Rfe8 22. Rfd1 Qe6 23. b3 Rxd1+ 24. Rxd1 Nxe5 25. Qxe5 1-0

[Event "Druzynowe Mistrzostwa Polski Juniorow - II liga"]
[Site "Sypniewo k. Jastowia"]
[Date "2024-06-17"]
[Round "6.26"]
[White "Misiek, Stanislaw"]
[Black "Urych, Krzysztof"]
[Result "0-1"]
[WhiteTitle "I"]
[BlackTitle "I"]
[WhiteElo "1805"]
[BlackElo "1782"]

1. Nf3 g6 2. g3 Bg7 3. Bg2 d6 4. O-O Nf6 5. d4 O-O 6. b3 c5 7. Bb2 Nbd7 8. c4 Qc7
9. d5 a6 10. Nbd2 b5 11. Ne1 bxc4 12. Nxc4 Nb6 13. Rc1 Nxc4 14. Rxc4 Bd7 15. Nd3
Rfb8 16. e4 Bb5 17. Rc2 Nd7 18. Bxg7 Kxg7 19. Re1 a5 20. e5 Bxd3 21. exd6 exd6
22. Qxd3 Re8 23. Rce2 Rxe2 24. Rxe2 Qd8 25. h4 Ne5 26. Qc3 Qf6 27. Re4 Ng4 28.
Qe1 h5 29. Rf4 Qe5 30. Qxe5+ Nxe5 31. Ra4 Nd7 32. Re4 Kf6 33. Kf1 Nb6 34. Rf4+
Ke7 35. Re4+ Kf8 36. Ke1 a4 37. b4 f5 38. Re6 cxb4 39. Kd2 Nc4+ 40. Kd3 Ne5+ 41.
Kd2 b3 0-1

[Event "Druzynowe Mistrzostwa Polski Juniorow - II liga"]
[Site "Sypniewo k. Jastowia"]
[Date "2024-06-17"]
[Round "6.27"]
[White "Lesik, Sebastian"]
[Black "Majcher, Igor"]
[Result "1/2-1/2"]
[WhiteTitle "I"]
[BlackTitle "I"]
[WhiteElo "1845"]
[BlackElo "2003"]

1. d4 f5 2. c4 Nf6 3. Nc3 d6 4. Bg5 Nbd7 5. e3 g6 6. Bd3 Bg7 7. Nge2 e5 8. f3 O-O
9. O-O c6 10. Qc2 Qe7 11. Rae1 Re8 12. b4 h6 13. Bh4 g5 14. dxe5 dxe5 15. Bxg5
hxg5 16. Bxf5 Nf8 17. c5 Bxf5 18. Qxf5 Nd5 19. Nxd5 cxd5 20. Nc3 Rad8 21. e4 Qf6
22. Qxf6 Bxf6 23. Nxd5 Kf7 24. Rc1 Ne6 25. Rfd1 Nd4 26. Kf2 Re6 27. Rd3 b6 28.
a4 Rc6 29. Rdc3 bxc5 30. Rxc5 Rdc8 31. Rxc6 Nxc6 1/2-1/2

[Event "Druzynowe Mistrzostwa Polski Juniorow - II liga"]
[Site "Sypniewo k. Jastowia"]
[Date "2024-06-17"]
[Round "6.28"]
[White "Radziszewski, Leon"]
[Black "Mroczkowski, Adam"]
[Result "0-1"]
[WhiteTitle "II"]
[BlackTitle "I"]
[WhiteElo "1401"]
[BlackElo "1714"]

1. e4 e5 2. Nf3 Nc6 3. Bb5 a6 4. Ba4 Nf6 5. d4 exd4 6. O-O Be7 7. Re1 O-O 8. e5
Nd5 9. Nxd4 Nxd4 10. Qxd4 Nb6 11. Bb3 d6 12. Nc3 c5 13. Qe4 dxe5 14. Nd5 Nxd5
15. Bxd5 Qc7 16. Qf3 Rb8 17. Qg3 Bf6 18. Bg5 Bxg5 19. Qxg5 Re8 20. f4 h6 21. Qh5
Be6 22. Bxe6 Rxe6 23. fxe5 Rbe8 24. Rf1 Rxe5 25. Qf3 c4 26. Kh1 Re2 27. Rac1 f6
28. Rf2 Rxf2 29. Qxf2 Qe5 30. c3 Qe2 31. Kg1 Kf7 32. Qb6 Re7 33. Qf2 g5 34. Rf1
Re6 35. Qf5 Qe3+ 36. Kh1 Qe4 37. Qc5 h5 38. Qc7+ Re7 39. Qc5 Kg7 40. Qf2 Qe5 41.
Qf3 h4 42. h3 Kg6 43. Qd1 Qe2 44. Qb1+ Qd3 45. Qc1 Re2 46. Rg1 Qc2 47. Qxc2+ Rxc2
48. Rb1 b5 49. a3 Kf5 50. Kg1 Ke4 51. Kf1 Kd3 52. Kg1 Kd2 53. Kf1 Rc1+ 0-1

[Event "Druzynowe Mistrzostwa Polski Juniorow - II liga"]
[Site "Sypniewo k. Jastowia"]
[Date "2024-06-17"]
[Round "6.29"]
[White "Dzierzgowska, Jagoda"]
[Black "Dura, Anna"]
[Result "1/2-1/2"]
[WhiteTitle "I"]
[BlackTitle "I"]
[WhiteElo "1458"]
[BlackElo "1618"]

1. d4 d5 2. c4 e6 3. Nc3 Nf6 4. Bf4 a6 5. a4 Be7 6. e3 O-O 7. Nf3 c5 8. cxd5 Nxd5
9. Bg3 cxd4 10. Nxd4 Nxc3 11. bxc3 Bf6 12. Bd3 e5 13. Ne2 Nd7 14. O-O Nc5 15.
Bc2 Bd7 16. Qd6 Bg4 17. Qxc5 Bxe2 18. Rfe1 Bd3 19. Bxd3 Qxd3 20. Bxe5 Rac8 21.
Qd4 Qxc3 22. Bxf6 gxf6 23. Qg4+ Kh8 24. Rab1 Rc4 25. Qd7 Rc7 26. Qd5 Rfc8 27.
h3 Qe5 28. Qb3 Rg8 29. Rbc1 Qe4 30. g3 Qe5 31. Rxc7 Qxc7 32. Qb2 Qe7 33. Rb1 Rb8
34. Qb6 Kg7 35. Rb4 Qe5 36. Rd4 Qe7 37. a5 Rc8 38. Rg4+ Kh8 39. Qb1 Rg8 40. Rh4
Rxg3+ 41. fxg3 1/2-1/2

[Event "Druzynowe Mistrzostwa Polski Juniorow - II liga"]
[Site "Sypniewo k. Jastowia"]
[Date "2024-06-17"]
[Round "6.30"]
[White "Wawrzyniak, Aleksandra"]
[Black "Jankiewicz, Lucja"]
[Result "1/2-1/2"]
[WhiteTitle "II"]
[BlackTitle "II+"]
[WhiteElo "1495"]
[BlackElo "1451"]

1. e4 e5 2. Nf3 Nc6 3. Bc4 Bc5 4. d3 h6 5. O-O Nf6 6. Nbd2 d6 7. c3 Ne7 8. Bb3
Ng6 9. Nc4 O-O 10. h3 a6 11. Be3 Ba7 12. Bxa7 Rxa7 13. Ne3 Qe7 14. Re1 c6 15.
Nf1 Nh5 16. N3h2 Nhf4 17. Nf3 Qf6 18. Ng3 Nh4 19. Nxh4 Qxh4 20. Qf3 Qg5 21. Kh2
Be6 22. Ne2 Nxe2 23. Qxe2 Bxb3 24. axb3 Re8 25. Qe3 Qxe3 26. Rxe3 Re6 27. b4 Re8
28. Ree1 Rea8 29. Ra3 a5 30. Rea1 b6 31. bxa5 Rxa5 32. Rxa5 Rxa5 33. Rxa5 bxa5
34. Kg3 Kf8 35. Kf3 Ke7 36. Ke3 Kd7 37. Kd2 Kc7 38. Kc2 Kb6 39. Kb3 h5 40. h4
f6 41. g3 g6 42. Ka4 g5 43. f3 d5 44. b4 axb4 45. Kxb4 c5+ 46. Kb3 dxe4 47. dxe4
Kb5 1/2-1/2

[Event "Druzynowe Mistrzostwa Polski Juniorow - II liga"]
[Site "Sypniewo k. Jastowia"]
[Date "2024-06-17"]
[Round "6.31"]
[White "Lochinski, Pawel"]
[Black "Nowak, Maciej"]
[Result "1-0"]
[WhiteTitle "I"]
[BlackTitle "I"]
[WhiteElo "1857"]
[BlackElo "1791"]

1. e4 e6 2. d4 d5 3. Nc3 dxe4 4. Nxe4 Nd7 5. Nf3 Ngf6 6. Bg5 Be7 7. Bxf6 Nxf6 8.
Nxf6+ Bxf6 9. c3 O-O 10. Bd3 b6 11. Qc2 h6 12. Be4 Rb8 13. O-O-O b5 14. h4 Bb7
15. g4 Bxe4 16. Qxe4 Qd5 17. Qxd5 exd5 18. g5 Be7 19. gxh6 gxh6 20. Ne5 Ra8 21.
Rde1 a5 22. Ng4 h5 23. Ne3 Rad8 24. Nxd5 Rxd5 25. Rxe7 c5 26. Rg1+ Kh7 27. Re5
Rfd8 28. Rgg5 Rxe5 29. Rxe5 cxd4 30. Rxh5+ Kg6 31. Rxb5 dxc3 32. bxc3 Rd3 33.
Kc2 Rf3 34. Rxa5 Rxf2+ 35. Kb3 f5 36. c4 f4 37. c5 f3 38. c6 Rf1 39. Rg5+ Kf6
40. Rg8 f2 41. Rf8+ Ke7 42. c7 Rc1 43. Rxf2 Rxc7 44. Rf4 Rc1 45. Rd4 Rb1+ 46.
Ka4 Ke6 47. Ka5 Ke5 48. Rb4 Ra1 49. a4 Kd6 50. h5 Rh1 51. h6 Kc7 52. Rb6 Rh4 53.
Rf6 Kb8 54. Kb6 Rb4+ 55. Kc5 Rh4 56. a5 Ka8 57. Kb6 Rb4+ 58. Ka6 Rb8 59. h7 Rb6+
60. Kxb6 1-0

[Event "Druzynowe Mistrzostwa Polski Juniorow - II liga"]
[Site "Sypniewo k. Jastowia"]
[Date "2024-06-17"]
[Round "6.32"]
[White "Wieckowski, Igor"]
[Black "Jablonski, Antoni"]
[Result "1/2-1/2"]
[WhiteTitle "I"]
[BlackTitle "I+"]
[WhiteElo "1623"]
[BlackElo "1938"]

1. d4 Nf6 2. Nf3 g6 3. Bf4 Bg7 4. e3 O-O 5. Be2 d6 6. O-O Nh5 7. Bg5 h6 8. Bh4
g5 9. Nfd2 Nf4 10. exf4 gxh4 11. c3 Bf5 12. Nc4 e6 13. Ne3 Qf6 14. Nxf5 Qxf5 15.
Qd2 Nd7 16. Bd3 Qf6 17. Qe3 c5 18. dxc5 d5 19. Bc2 Rfc8 20. Qf3 Rxc5 21. Nd2 Rac8
22. Nb3 Rc4 23. g3 a6 24. Rfe1 b5 25. Bd3 R4c6 26. Qe2 hxg3 27. hxg3 Nb6 28. Nd4
Rd6 29. Rad1 Nc4 30. Nf3 Qd8 31. Ne5 Qb6 32. Bb1 b4 33. Nxc4 Rxc4 34. Bd3 Rc8
35. cxb4 Qxb4 36. b3 a5 37. Rc1 Rc3 38. Rxc3 Qxc3 39. Rd1 Rd8 40. Qc2 Rc8 41.
Rc1 Kf8 42. Qxc3 Rxc3 43. Rxc3 Bxc3 44. Kf1 Ke7 45. Ke2 Kd6 46. f3 Kc5 47. Bc2
Kd4 48. Bh7 f6 49. Bg8 e5 50. fxe5 fxe5 51. g4 Bb4 52. Bf7 e4 53. fxe4 dxe4 54.
a4 Ke5 55. Bc4 Kf4 56. Be6 Bc5 57. Bd7 Ke5 58. Bb5 e3 59. Bc4 Bb6 60. Bb5 Kf4
61. Bd7 Ke5 62. Bb5 Ke4 63. Bc4 1/2-1/2

[Event "Druzynowe Mistrzostwa Polski Juniorow - II liga"]
[Site "Sypniewo k. Jastowia"]
[Date "2024-06-17"]
[Round "6.33"]
[White "Modzelan, Wojciech"]
[Black "Szmolke, Stanislaw"]
[Result "0-1"]
[WhiteTitle "II"]
[BlackTitle "I"]
[WhiteElo "1568"]
[BlackElo "1760"]

1. d4 Nf6 2. Nf3 e6 3. Bf4 d5 4. Nbd2 Bd6 5. Ne5 O-O 6. e3 b6 7. Be2 Bb7 8. O-O
Qe7 9. c3 Nbd7 10. Ndf3 Ne4 11. Nd3 c5 12. Bxd6 Qxd6 13. Nf4 Rfc8 14. Nd2 Ndf6
15. Bd3 cxd4 16. cxd4 Rc7 17. Bxe4 dxe4 18. Ne2 Rac8 19. Nc3 Ba6 20. Re1 Bd3 21.
Ndxe4 Bxe4 22. Nb5 Qd7 23. Nxc7 Rxc7 24. Rc1 Bd5 25. Rxc7 Qxc7 26. Qc1 Qxc1 27.
Rxc1 Ne8 28. f3 Bb7 29. Rc3 Kf8 30. Kf2 Ke7 31. e4 Kd7 32. Ke3 Nc7 33. g4 Nb5
34. Rb3 Nd6 35. Rc3 f6 36. h4 Ba6 37. Rc1 Nc4+ 38. Kf4 Nxb2 39. Rc3 Nc4 40. g5
e5+ 41. dxe5 fxe5+ 42. Kf5 Ke7 43. h5 Bc8# 0-1

[Event "Druzynowe Mistrzostwa Polski Juniorow - II liga"]
[Site "Sypniewo k. Jastowia"]
[Date "2024-06-17"]
[Round "6.35"]
[White "Babinska, Liwia"]
[Black "Nowak, Zuzanna"]
[Result "1-0"]
[WhiteTitle "I"]
[BlackTitle "I++"]
[WhiteElo "1702"]
[BlackElo "1725"]

1. e4 e5 2. Nf3 Nc6 3. Bc4 Bc5 4. c3 Nf6 5. d3 a6 6. O-O d6 7. h3 h6 8. a4 Ba7
9. Re1 g5 10. Nh2 Qe7 11. Be3 Rg8 12. Bxa7 Nxa7 13. g4 h5 14. f3 hxg4 15. fxg4
Be6 16. Nd2 Rh8 17. Kg2 O-O-O 18. b4 d5 19. exd5 Bxd5+ 20. Nhf3 Kb8 21. b5 a5
22. Qe2 Rde8 23. Ne4 c6 24. Nxf6 Qxf6 25. Bxd5 cxd5 26. Nxe5 Qd6 27. Qe3 f6 28.
Nf7 Rxe3 29. Nxd6 Rxd3 30. Re7 Nc8 31. Rxb7+ Ka8 32. Rd7 Nb6 33. Re7 Rxc3 34.
Rae1 Nc4 35. Ne8 Ne5 36. Nc7+ Kb8 37. Na6+ Ka8 38. b6 Rb3 39. Ra7# 1-0

[Event "Druzynowe Mistrzostwa Polski Juniorow - II liga"]
[Site "Sypniewo k. Jastowia"]
[Date "2024-06-17"]
[Round "6.37"]
[White "Paprocki, Antoni"]
[Black "Frac, Piotr"]
[Result "1-0"]
[WhiteTitle "k"]
[BlackTitle "I"]
[WhiteElo "2164"]
[BlackElo "1900"]

1. e4 c5 2. Nf3 d6 3. d4 cxd4 4. Nxd4 Nf6 5. Nc3 Nc6 6. f3 e5 7. Nb3 Be6 8. Be3
d5 9. exd5 Nxd5 10. Nxd5 Qxd5 11. Qxd5 Bxd5 12. c3 O-O-O 13. Be2 Be7 14. O-O f5
15. f4 exf4 16. Bxf4 Rhe8 17. Rae1 Bh4 18. g3 Bf6 19. Bd3 g6 20. Rxe8 Rxe8 21.
Kf2 Bd8 22. Be3 Ne5 23. Be2 Nc4 24. Bxc4 Bxc4 25. Rd1 b6 26. Nd4 Bf6 27. a4 Rd8
28. a5 Kb7 29. axb6 axb6 30. Re1 Ra8 31. Rd1 Ra2 32. Rd2 Ra1 33. Nc2 Ra2 34. Nb4
Ra1 35. Rd7+ Kc8 36. Rd6 1-0

[Event "Druzynowe Mistrzostwa Polski Juniorow - II liga"]
[Site "Sypniewo k. Jastowia"]
[Date "2024-06-17"]
[Round "6.38"]
[White "Nagly, Krzysztof"]
[Black "Herka, Jakub"]
[Result "1-0"]
[WhiteTitle "II+"]
[BlackTitle "I"]
[WhiteElo "1815"]
[BlackElo "1796"]

1. e4 c5 2. Nf3 d6 3. c3 Nf6 4. h3 Nc6 5. Bd3 d5 6. e5 Nd7 7. e6 fxe6 8. Ng5 Nf6
9. Bxh7 Nxh7 10. Qh5+ Kd7 11. Nxh7 Qe8 12. Nf6+ exf6 13. Qxh8 e5 14. O-O Kc7 15.
d4 cxd4 16. cxd4 Nxd4 17. Nc3 Be6 18. Be3 Nc6 19. Nb5+ Kd7 20. Rad1 a6 21. Nc3
d4 22. Ne4 Kc7 23. Bd2 Bxa2 24. f4 Bd5 25. Qh7 Rd8 26. Nxf6 Qf7 27. Nxd5+ Qxd5
28. fxe5 Nxe5 29. Bf4 Bd6 30. Qxg7+ Kb6 31. Qg3 Rg8 32. Qf2 Nc6 33. Bxd6 Qxd6
34. Rd3 Ka7 35. Rfd1 Ka8 36. Rf3 Qb4 37. Rf1 Ka7 38. Qc2 Rg5 39. Rb3 Qe7 40. Qf2
Rg7 41. Qf8 Qg5 42. Qf2 Qg6 43. g4 Qe6 44. Rg3 Re7 45. g5 Qc4 46. b3 Qb5 47. Re1
Rg7 48. h4 a5 49. g6 Qh5 50. Qf6 Rg8 51. Qg5 Qh8 52. h5 1-0

[Event "Druzynowe Mistrzostwa Polski Juniorow - II liga"]
[Site "Sypniewo k. Jastowia"]
[Date "2024-06-17"]
[Round "6.39"]
[White "Bednarek, Jan"]
[Black "Dobrowolski, Kamil"]
[Result "1/2-1/2"]
[WhiteTitle "I"]
[BlackTitle "II+"]
[WhiteElo "1786"]
[BlackElo "1801"]

1. e4 c5 2. Nf3 d6 3. d4 cxd4 4. Nxd4 Nf6 5. Nc3 Nc6 6. Bg5 e6 7. Qd2 Be7 8. O-O-O
a6 9. f3 Nxd4 10. Qxd4 b5 11. Kb1 Qc7 12. Ne2 Bb7 13. h4 Rc8 14. Qd2 Bxe4 15.
fxe4 Nxe4 16. Qe1 Bxg5 17. hxg5 Nf2 18. Rc1 Nxh1 19. Qh4 Qc5 20. Qxh1 Qxg5 21.
Nc3 d5 22. Bd3 h6 23. Re1 O-O 24. Qh2 b4 25. Nd1 Qd2 26. Qg1 Qg5 27. Ne3 a5 28.
g4 a4 29. Qf2 a3 30. b3 Qf6 31. Qxf6 gxf6 32. Rf1 Kg7 33. Rh1 Rh8 34. Rh5 Kf8
35. Kc1 Ke7 36. Kd2 Kd6 37. Be2 Rc3 38. Bf3 Rhc8 39. Bd1 Rh8 40. Bf3 Rhc8 41.
Bd1 Rh8 42. Be2 Kd7 43. Bd3 Kd6 44. Nd1 Rc5 45. Ne3 Rc3 46. Nd1 Rh7 47. Be2 Rc5
48. Nf2 Rh8 49. Nd1 1/2-1/2

[Event "Druzynowe Mistrzostwa Polski Juniorow - II liga"]
[Site "Sypniewo k. Jastowia"]
[Date "2024-06-17"]
[Round "6.40"]
[White "Sakharchuk, Aliaksandr"]
[Black "Zawisza, Alan"]
[Result "1/2-1/2"]
[WhiteTitle "I"]
[BlackTitle "II"]
[WhiteElo "1711"]
[BlackElo "1755"]

1. e4 c5 2. Nf3 d6 3. c3 Nf6 4. e5 dxe5 5. Nxe5 Nbd7 6. Bb5 a6 7. Bxd7+ Nxd7 8.
d4 Nxe5 9. dxe5 Qc7 10. Qe2 g6 11. O-O Bg7 12. f4 O-O 13. Be3 b5 14. Nd2 f6 15.
Nb3 Be6 16. Nxc5 Bc4 17. Qf3 fxe5 18. Rfd1 exf4 19. Bf2 Rfd8 20. Nd7 Rac8 21.
Bb6 Qxd7 22. Rxd7 Rxd7 23. Rd1 Rxd1+ 24. Qxd1 Rc6 25. Qd7 Rd6 26. Qe8+ Bf8 27.
Bd4 Bf7 28. Qb8 Bxa2 29. h4 Bc4 30. b4 Kf7 31. Qc7 Bh6 32. h5 g5 33. Qc8 Re6 34.
Qc5 Bd3 35. Be5 Bc4 36. Qd4 Bb3 37. Qe4 Kg8 38. Kh2 Bg7 39. Qa8+ Kf7 40. Bxg7
Kxg7 41. Qd8 g4 42. Qd4+ Rf6 43. Qe5 Kf7 44. Qe4 g3+ 45. Kg1 h6 46. Qe5 Bc4 47.
Qe4 Ke8 48. Qa8+ Kd7 49. Qb7+ Kd6 50. Qa7 1/2-1/2

[Event "Druzynowe Mistrzostwa Polski Juniorow - II liga"]
[Site "Sypniewo k. Jastowia"]
[Date "2024-06-17"]
[Round "6.41"]
[White "Michniak, Julia"]
[Black "Popczynska, Maja"]
[Result "0-1"]
[WhiteTitle "I"]
[BlackTitle "I+"]
[WhiteElo "1509"]
[BlackElo "1812"]

1. e4 c5 2. Nf3 d6 3. d4 cxd4 4. Nxd4 Nf6 5. Nc3 Nc6 6. Bg5 e6 7. Qd2 a6 8. O-O-O
Bd7 9. f3 Rc8 10. Kb1 Be7 11. h4 h6 12. Be3 b5 13. g4 b4 14. Nxc6 Bxc6 15. Ne2
d5 16. e5 Nd7 17. f4 d4 18. Rg1 dxe3 19. Qe1 Bxh4 20. Ng3 Qb6 21. Be2 Ba4 22.
b3 Bc6 23. Qf1 Bxg3 24. Rxg3 a5 25. f5 Bd5 26. fxe6 Bxe6 27. g5 g6 28. gxh6 Qc5
29. Bd3 Qxe5 30. Qe1 Nc5 31. Rxe3 Nxd3 32. Rdxd3 Qf6 33. Rd6 Ke7 34. Rdd3 Rxh6
35. Rf3 Qh4 36. Qe5 Rh5 37. Qd6+ Ke8 38. Rxf7 Kxf7 39. Rf3+ Rf5 40. Re3 Rf1+ 41.
Kb2 Rxc2+ 0-1

[Event "Druzynowe Mistrzostwa Polski Juniorow - II liga"]
[Site "Sypniewo k. Jastowia"]
[Date "2024-06-17"]
[Round "6.43"]
[White "Przybylski, Bartosz"]
[Black "Stepinski, Piotr"]
[Result "0-1"]
[WhiteTitle "k"]
[BlackTitle "I+"]
[WhiteElo "2085"]
[BlackElo "1925"]

1. e4 c6 2. d4 d5 3. e5 Bf5 4. h4 h6 5. g4 Bd7 6. f4 h5 7. f5 e6 8. fxe6 Bxe6 9.
g5 g6 10. Nh3 c5 11. Nf4 cxd4 12. Bh3 Bxh3 13. Rxh3 Nc6 14. e6 Bd6 15. exf7+ Kxf7
16. Qf3 Bxf4 17. Bxf4 Kg7 18. Nd2 Nge7 19. O-O-O Nf5 20. Nb3 Re8 21. Rhh1 b6 22.
c3 Rc8 23. Kb1 Qe7 24. Nxd4 Ncxd4 25. cxd4 Qe4+ 26. Qxe4 Rxe4 27. Be5+ Kf7 28.
Rc1 Rxc1+ 29. Rxc1 Nxd4 30. Bf6 Ke6 31. a3 Rxh4 32. Rc7 Nf3 33. Rxa7 Rc4 34. b3
Rc6 35. Bd8 h4 36. Re7+ Kf5 37. Rf7+ Kg4 38. Rf6 Rc8 39. Bxb6 h3 40. Rxg6 h2 41.
Rh6 Nh4 0-1

[Event "Druzynowe Mistrzostwa Polski Juniorow - II liga"]
[Site "Sypniewo k. Jastowia"]
[Date "2024-06-17"]
[Round "6.44"]
[White "Gawlik, Olivier"]
[Black "Polak, Aleksander"]
[Result "1-0"]
[WhiteTitle "I"]
[BlackTitle "II"]
[WhiteElo "1765"]
[BlackElo "1554"]

1. e4 c6 2. d4 d5 3. Nc3 dxe4 4. Nxe4 Bf5 5. Ng3 Bg6 6. h4 h6 7. Nh3 Nd7 8. Nf4
Bh7 9. Bd3 Bxd3 10. Qxd3 e6 11. Bd2 Qc7 12. O-O-O O-O-O 13. c3 Ngf6 14. Qf3 Bd6
15. Ngh5 Rhg8 16. Nxf6 Nxf6 17. Nd3 Qe7 18. g4 Nd7 19. Rde1 Bc7 20. g5 hxg5 21.
Bxg5 f6 22. Bf4 Rh8 23. Bxc7 Kxc7 24. Nf4 e5 25. Ng6 Qf7 26. Nxh8 Rxh8 27. dxe5
Qxa2 28. e6 Qa1+ 29. Kc2 Qa4+ 30. Kb1 Ne5 31. Qg3 Rg8 32. h5 Qb3 33. h6 g5 34.
h7 Rh8 35. Rxe5 1-0

[Event "Druzynowe Mistrzostwa Polski Juniorow - II liga"]
[Site "Sypniewo k. Jastowia"]
[Date "2024-06-17"]
[Round "6.45"]
[White "Kosecki, Kacper"]
[Black "Haladaj, Adam"]
[Result "0-1"]
[WhiteTitle "III"]
[BlackTitle "I"]
[WhiteElo "1444"]
[BlackElo "1873"]

1. c4 e6 2. Nc3 Bb4 3. g3 Nf6 4. Bg2 Nc6 5. d4 Bxc3+ 6. bxc3 d6 7. Nf3 O-O 8. O-O
Re8 9. Bf4 Qe7 10. a4 e5 11. dxe5 dxe5 12. Be3 Be6 13. Qb3 Rab8 14. Rfd1 a6 15.
Nd2 Na5 16. Qb1 Ng4 17. Qe4 Nxe3 18. Qxe3 Nxc4 19. Nxc4 Bxc4 20. Qe4 Qe6 21. Rab1
c6 22. Rb4 Bd5 23. Qe3 Bxg2 24. Kxg2 b5 25. axb5 cxb5 26. Ra1 Rbc8 27. Qa7 Rc6
28. Qe3 Rec8 29. Rc1 Qd5+ 30. Kg1 g6 31. h4 h5 32. Kh2 Kg7 33. Kg1 Rc5 34. Kh2
R8c6 35. Kg1 Qd6 36. Kg2 Qc7 37. Rb3 a5 38. Qd3 b4 39. c4 Rxc4 40. Rxc4 Rxc4 41.
Qd5 Qc6 42. Qxc6 Rxc6 43. e4 Rc4 44. f3 a4 45. Rb1 Rc2+ 46. Kf1 b3 0-1

[Event "Druzynowe Mistrzostwa Polski Juniorow - II liga"]
[Site "Sypniewo k. Jastowia"]
[Date "2024-06-17"]
[Round "6.47"]
[White "Sliwicka, Weronika"]
[Black "Banasiak, Adrianna"]
[Result "0-1"]
[WhiteTitle "I"]
[BlackTitle "I+"]
[WhiteElo "1795"]
[BlackElo "1774"]

1. e4 d5 2. exd5 Qxd5 3. Nf3 Nf6 4. d4 c6 5. c4 Qa5+ 6. Bd2 Qc7 7. Nc3 Bg4 8. Be2
e6 9. Ne5 Bxe2 10. Qxe2 Be7 11. Bf4 Qc8 12. Rd1 O-O 13. O-O Na6 14. Rd3 c5 15.
d5 exd5 16. cxd5 Rd8 17. a3 Nc7 18. Rfd1 Bd6 19. Qf3 Qf5 20. Bg3 Qxf3 21. Rxf3
Ncxd5 22. Nxd5 Bxe5 23. Bxe5 Rxd5 24. Rxd5 Nxd5 25. Rd3 Rd8 26. f3 f6 27. Bg3
Rd7 28. Kf1 Kf7 29. Ke2 Ke6 30. Kd2 Nb6 31. Rxd7 Nxd7 32. Kc3 Kd5 33. Bf2 a5 34.
a4 c4 35. b3 cxb3 36. Kxb3 Nc5+ 37. Ka3 Nd3 38. Be3 Ne1 39. Bd2 Nxg2 40. Bxa5
Nh4 41. Be1 Nxf3 42. Bg3 Kc4 43. Bd6 f5 44. h3 g5 45. Bg3 g4 0-1

[Event "Druzynowe Mistrzostwa Polski Juniorow - II liga"]
[Site "Sypniewo k. Jastowia"]
[Date "2024-06-17"]
[Round "6.49"]
[White "Nowicki, Bartosz"]
[Black "Gorny, Tomasz"]
[Result "1-0"]
[WhiteTitle "II+"]
[BlackTitle "I"]
[WhiteElo "1854"]
[BlackElo "1876"]

1. e4 e5 2. Nf3 Nc6 3. Bc4 Bc5 4. c3 Nf6 5. d4 exd4 6. e5 d5 7. Bb5 Ne4 8. cxd4
Bb6 9. Nc3 O-O 10. Be3 Bg4 11. h3 Bh5 12. Qc2 Nxc3 13. bxc3 Bg6 14. Bd3 Bxd3 15.
Qxd3 f6 16. exf6 Qxf6 17. O-O Ne7 18. Ne5 Rad8 19. a4 c6 20. Rab1 Nc8 21. Rb3
Nd6 22. Ra1 Bc7 23. Ra2 Nf7 24. f4 Nd6 25. a5 a6 26. Rb1 Qf5 27. Qxf5 Rxf5 28.
Kh2 Nb5 29. Rc1 Re8 30. g3 Rf6 31. Kg2 c5 32. dxc5 Bxe5 33. fxe5 Rxe5 34. Bd4
Nxd4 35. cxd4 Re3 36. Rf2 Rg6 37. g4 Rd3 38. Rf4 Re6 39. Rcf1 Re2+ 40. R1f2 Rxf2+
41. Kxf2 g5 42. Ke2 Ra3 43. Rf5 Rxa5 44. Rxg5+ Kf8 45. Rxd5 Ra2+ 46. Ke3 Ra3+
47. Ke2 Rxh3 48. Rd7 Rg3 49. Rxb7 Ke8 50. Rxh7 Rxg4 51. Kd3 Rg1 52. Ra7 Ra1 53.
Kc4 a5 54. Kd5 Rh1 55. Rxa5 Kd7 56. Ra7+ Kc8 57. c6 Rh5+ 58. Kc4 Kb8 59. Re7 Kc8
60. d5 Kb8 61. Kc5 Rh1 62. Kd6 Rh6+ 63. Kd7 Ka7 64. c7 Rg6 65. c8=Q Rc6 66. Kxc6#
1-0